[Event "Aurec Cup"]
[White "Bellon, Yves"]
[Black "Troubat, Nicolas"]
[Site "Aurec"]
[Round "1"]
[Result "1-0"]
[Date "2002.06.15"]
[WhiteElo "1950"]
[BlackElo "1800"]
[PlyCount "59"]
[EventDate "2002.06.??"]
[EventType "team-tourn"]
[EventRounds "5"]
[EventCountry "FRA"]
[SourceTitle "EXT 2004"]
[Source "ChessBase"]
[SourceDate "2003.11.25"]
[SourceVersion "1"]
[SourceVersionDate "2003.11.25"]
[SourceQuality "1"]

1. c4 e6 2. e4 c5 3. Nc3 Nc6 4. Nf3 Nf6 5. d3 d5 6. Bg5 dxe4 7. dxe4 Be7 8. Be2 0-0 9. 0-0 h6 10. Bh4 Bd7 11. Bg3 Nh5 12. Bd6 Nf6 13. e5 Bxd6 14. Qxd6 Ne8 15. Qxc5 b6 16. Qe3 Qe7 17. Rad1 f6 18. Rd2 fxe5 19. Nxe5 Nxe5 20. Qxe5 Nf6 21. Bf3 Rac8 22. b3 Rc5 23. Qe2 Bc8 24. Rfd1 g5 25. Nd5 Nxd5 26. cxd5 Rd8 27. b4 Rc3 28. d6 Qf6 29. d7 Qf4 30. Qxe6+ 1-0

[Event "Aurec Cup"]
[White "Feller, Sebastien"]
[Black "Troubat, Nicolas"]
[Site "Aurec"]
[Round "3"]
[Result "1-0"]
[Date "2002.06.15"]
[WhiteElo "2080"]
[BlackElo "1800"]
[PlyCount "45"]
[EventDate "2002.06.??"]
[EventType "team-tourn"]
[EventRounds "5"]
[EventCountry "FRA"]
[SourceTitle "EXT 2004"]
[Source "ChessBase"]
[SourceDate "2003.11.25"]
[SourceVersion "1"]
[SourceVersionDate "2003.11.25"]
[SourceQuality "1"]

1. e4 d6 2. Nc3 Nf6 3. f4 g6 4. Nf3 Bg7 5. Bc4 0-0 6. d3 c6 7. 0-0 b5 8. Bb3 Na6 9. Qe1 Nc5 10. Qh4 Nxb3 11. axb3 Bg4 12. f5 Bxf3 13. Rxf3 Nd7 14. Rh3 Nf6 15. Bh6 Qb6+ 16. Kh1 a5 17. Bxg7 Kxg7 18. Qh6+ Kg8 19. e5 dxe5 20. Ne4 Nh5 21. Ng5 Nf6 22. Nxh7 Ng4 23. Nf6+ 1-0